<?xml version="1.0" encoding="UTF-8"?>
<record
    xmlns:xsi="http://www.w3.org/2001/XMLSchema-instance"
    xsi:schemaLocation="http://www.loc.gov/MARC21/slim http://www.loc.gov/standards/marcxml/schema/MARC21slim.xsd"
    xmlns="http://www.loc.gov/MARC21/slim">

  <leader>00928nam a2200217Ia 4500</leader>
  <controlfield tag="003">OSt</controlfield>
  <controlfield tag="005">20251205163249.0</controlfield>
  <controlfield tag="008">210719s2019    xx            000 0 und d</controlfield>
  <datafield tag="040" ind1=" " ind2=" ">
    <subfield code="c">AL</subfield>
  </datafield>
  <datafield tag="041" ind1=" " ind2=" ">
    <subfield code="a">Kannada</subfield>
  </datafield>
  <datafield tag="082" ind1=" " ind2=" ">
    <subfield code="a">K894.1 KRIK</subfield>
  </datafield>
  <datafield tag="100" ind1=" " ind2=" ">
    <subfield code="a">KRISHNAMURTI (K)</subfield>
    <subfield code="d">&#xC95;&#xCC3;&#xCB7;&#xCCD;&#xCA3;&#xCAE;&#xCC2;&#xCB0;&#xCCD;&#xCA4;&#xCBF; (&#xC95;&#xCC6;)</subfield>
    <subfield code="9">248005</subfield>
  </datafield>
  <datafield tag="245" ind1=" " ind2=" ">
    <subfield code="a">Kannada kavyalankara sutra vratti: Vamanana mulagranthada anuvada haghu vivarane</subfield>
    <subfield code="b"> &#xC95;&#xCA8;&#xCCD;&#xCA8;&#xCA1; &#xC95;&#xCBE;&#xCB5;&#xCCD;&#xCAF;&#xCBE;&#xCB2;&#xC82;&#xC95;&#xCBE;&#xCB0; &#xCB8;&#xCC2;&#xCA4;&#xCCD;&#xCB0; &#xCB5;&#xCC3;&#xCA4;&#xCCD;&#xCA4;&#xCBF;: &#xCB5;&#xCBE;&#xCAE;&#xCA8;&#xCA8; &#xCAE;&#xCC2;&#xCB2;&#xC97;&#xCCD;&#xCB0;&#xC82;&#xCA5;&#xCA6; &#xC85;&#xCA8;&#xCC1;&#xCB5;&#xCBE;&#xCA6; &#xCB9;&#xCBE;&#xC97;&#xCC1; &#xCB5;&#xCBF;&#xCB5;&#xCB0;&#xCA3;&#xCC6;  </subfield>
  </datafield>
  <datafield tag="260" ind1=" " ind2=" ">
    <subfield code="a">Maisuru</subfield>
    <subfield code="b">Krishnamurti Foundation Trust Ltd</subfield>
    <subfield code="c">2019</subfield>
  </datafield>
  <datafield tag="300" ind1=" " ind2=" ">
    <subfield code="a">xvi,220</subfield>
    <subfield code="b">PB</subfield>
  </datafield>
  <datafield tag="365" ind1=" " ind2=" ">
    <subfield code="b">220</subfield>
    <subfield code="c">Rs</subfield>
  </datafield>
  <datafield tag="650" ind1=" " ind2=" ">
    <subfield code="a">Kannada literature</subfield>
    <subfield code="9">248006</subfield>
  </datafield>
  <datafield tag="650" ind1=" " ind2=" ">
    <subfield code="a">Kannada Poetry</subfield>
    <subfield code="9">248007</subfield>
  </datafield>
  <datafield tag="906" ind1=" " ind2=" ">
    <subfield code="a">anuvada ; haghu ; Kannada ; kavyalankara ; mulagranthada ; sutra ; Vamanana ; vivarane ; vratti</subfield>
  </datafield>
  <datafield tag="942" ind1=" " ind2=" ">
    <subfield code="2">ddc</subfield>
    <subfield code="c">BK</subfield>
  </datafield>
  <datafield tag="999" ind1=" " ind2=" ">
    <subfield code="c">211855</subfield>
    <subfield code="d">211855</subfield>
  </datafield>
  <datafield tag="952" ind1=" " ind2=" ">
    <subfield code="0">0</subfield>
    <subfield code="1">0</subfield>
    <subfield code="2">ddc</subfield>
    <subfield code="4">0</subfield>
    <subfield code="7">0</subfield>
    <subfield code="8">KAN</subfield>
    <subfield code="a">AL</subfield>
    <subfield code="b">AL</subfield>
    <subfield code="d">2021-02-24</subfield>
    <subfield code="e">General Annual | Navakarnataka Publication Pvt Ltd Mangalore</subfield>
    <subfield code="g">220.00</subfield>
    <subfield code="l">0</subfield>
    <subfield code="o">K894.1 KRIK</subfield>
    <subfield code="p">074669</subfield>
    <subfield code="r">2021-07-19 00:00:00</subfield>
    <subfield code="v">176.00</subfield>
    <subfield code="w">2021-07-19</subfield>
    <subfield code="y">BK</subfield>
  </datafield>
</record>
